[Event "Ch World (juniors)"]
[Site "masterchessopen.com Warsaw (Poland)"]
[Round "0"]
[White "Lomineishvili Maia (GEO)"]
[Black "Peptan Corina-Isabela (ROM)"]
[Result "1-0"]
[WhiteElo "2366"]
[BlackElo "2421"]

1.d4 Nf6 2.c4 g6 3.Nc3 d5 4.Nf3 Bg7 5.Bg5 Ne4 6.cxd5 Nxg5 7.Nxg5 e6 8.Qd2 exd5
9.Qe3+ Kf8 10.Qf4 Bf6 11.h4 c6 12.e4 dxe4 13.Bc4 Qxd4 14.Nxf7 Nd7 15.Nxh8 Qc5
16.Rc1 Kg7 17.Nxg6 hxg6 18.Nxe4 Qf8 19.Nxf6 Nxf6 20.O-O Be6 21.b3 Bd5 22.Qd4
a6 23.Rcd1 {#r} 1-0

[Event "It"]
[Site "masterchessopen.com Kecskemet (Hungary)"]
[Round "7"]
[White "Groszpeter Attila (HUN)"]
[Black "Leko Peter (HUN)"]
[Result "1-0"]
[WhiteElo "2521"]
[BlackElo "2385"]

1.d4 Nf6 2.c4 g6 3.Nc3 d5 4.Nf3 Bg7 5.Bg5 Ne4 6.cxd5 Nxg5 7.Nxg5 e6 8.Qd2 exd5
9.Qe3+ Kf8 10.g3 Bf6 11.f4 Kg7 12.Bg2 c6 13.Qd2 Nd7 14.O-O Nb6 15.b3 Bf5
16.Rad1 Re8 17.h3 h5 18.Nf3 Nc8 19.Ne5 Nd6 20.g4 hxg4 21.hxg4 Be6 22.Na4 Qc8
23.Bf3 Ne4 24.Bxe4 dxe4 25.g5 {#r} 1-0

[Event "Ch Club"]
[Site "masterchessopen.com Helsinki (Finland)"]
[Round "0"]
[White "Sinervuo Veli-Pekka (FIN)"]
[Black "Meskanen Vesa (FIN)"]
[Result "0-1"]
[WhiteElo "1988"]
[BlackElo "2065"]

1.d4 Nf6 2.c4 g6 3.Nc3 d5 4.Nf3 Bg7 5.Bg5 Ne4 6.cxd5 Nxg5 7.Nxg5 e6 8.Qd2 exd5
9.Qe3+ Kf8 10.Qf4 Bf6 11.h4 Kg7 12.e4 dxe4 13.Bc4 Qd6 14.Qxd6 cxd6 15.Nxf7 Rf8
16.Nxd6 Bxd4 17.Ndxe4 Nc6 18.f3 Ne5 19.Bb3 Nd3+ 20.Kd2 Nf4 21.g3 Nh5 22.Raf1
b6 23.g4 Nf4 24.h5 gxh5 25.gxh5 Ba6 26.h6+ Kg6 27.Nd5 Nxd5 {#R} 0-1

[Event "It (open)"]
[Site "masterchessopen.com Las Vegas (USA)"]
[Round "0"]
[White "McCambridge Vincent (USA)"]
[Black "Mulyar Michael A (USA)"]
[Result "1-0"]
[WhiteElo "2459"]
[BlackElo "2421"]

1.d4 Nf6 2.Nf3 g6 3.c4 Bg7 4.Nc3 d5 5.Bg5 Ne4 6.cxd5 Nxg5 7.Nxg5 e6 8.Qd2 h6
9.Nf3 exd5 10.e3 c6 11.b4 Qd6 12.b5 Bg4 13.Be2 Nd7 14.O-O Nf6 15.bxc6 bxc6
16.Ne5 Bxe2 17.Qxe2 Ne4 18.Nxe4 dxe4 19.Qc2 O-O 20.Nxc6 Rfc8 21.Rac1 Qe6 22.d5
Qe8 23.d6 Bf8 24.Rfd1 Qd7 25.Qc5 Qe6 26.Qd5 Qxd5 27.Rxd5 Rab8 28.g4 {#r} 1-0

[Event "Ch City"]
[Site "masterchessopen.com Lisbon (Portugal)"]
[Round "10"]
[White "Santos Carlos P (POR)"]
[Black "Pinho Paulo (POR)"]
[Result "1-0"]
[WhiteElo "2404"]
[BlackElo "2168"]

1.d4 Nf6 2.c4 g6 3.Nc3 d5 4.Nf3 Bg7 5.Bg5 Ne4 6.cxd5 Nxg5 7.Nxg5 e6 8.h4 exd5
9.e3 O-O 10.Bd3 c5 11.Qf3 cxd4 12.Nxd5 Nc6 13.e4 Be6 14.Nf4 Qa5+ 15.Kf1 Ne5
16.Qe2 Bd7 17.f3 Rac8 18.Kf2 Rc5 19.Nd5 Nxd3+ 20.Qxd3 Bb5 21.Qd1 Qa6 22.h5 Qd6
23.hxg6 hxg6 24.Rh8+ Bxh8 25.Qh1 {#r} 1-0

[Event "It (active)"]
[Site "masterchessopen.com Oviedo (Spain)"]
[Round "0"]
[White "Lozano Arribas Carlos (ESP)"]
[Black "Chabanon Jean-Luc (FRA)"]
[Result "0-1"]
[WhiteElo "2106"]
[BlackElo "2410"]

1.d4 Nf6 2.Nf3 g6 3.c4 Bg7 4.Nc3 d5 5.Bg5 dxc4 6.e3 O-O 7.Bxc4 c5 8.O-O cxd4
9.Nxd4 Qb6 10.Qe2 Nc6 11.Bxf6 exf6 12.Nxc6 bxc6 13.Rfd1 f5 14.Rac1 Rd8 15.Na4
Qa5 16.Rxd8+ Qxd8 17.Nc5 Qe7 18.b3 h5 19.Qd2 Be5 20.Nd3 Bc7 21.Ne1 Bd7 22.Nf3
Be8 23.Qc2 c5 24.Be2 Bd6 25.Nd2 {#R} 0-1

[Event "Ch Europe (juniors)"]
[Site "masterchessopen.com Sas Van Gent (Netherlands)"]
[Round "0"]
[White "Santos Carlos P (POR)"]
[Black "Rogozenko Dorian (ROM)"]
[Result "0-1"]
[WhiteElo "2404"]
[BlackElo "2405"]

1.d4 Nf6 2.c4 g6 3.Nc3 d5 4.Nf3 Bg7 5.Bg5 Ne4 6.cxd5 Nxg5 7.Nxg5 c6 8.e3 e6
9.h4 exd5 10.Bd3 Qe7 11.Qc2 O-O 12.O-O-O b5 13.Kb1 Na6 14.a3 b4 15.Na2 c5
16.Bxa6 Bxa6 17.axb4 cxd4 18.exd4 Qd7 19.Nf3 Rfc8 20.Nc3 Rab8 21.Qd2 Rxb4
22.Nxd5 Qf5+ {#R} 0-1

[Event "Tournament"]
[Site "masterchessopen.com Spain"]
[Round "2"]
[White "Olea Perez Mario (ESP)"]
[Black "San Claudio Gonzalez Franc (ESP)"]
[Result "0-1"]
[WhiteElo "2258"]
[BlackElo "2260"]

1.d4 Nf6 2.c4 g6 3.Nc3 d5 4.Nf3 Bg7 5.Bg5 c6 6.e3 Ne4 7.Nxe4 dxe4 8.Nd2 Qa5
9.c5 e5 10.Qc2 O-O 11.Qc3 Qc7 12.Bc4 h6 13.Bh4 exd4 14.exd4 Qd7 15.O-O-O Bxd4
16.Qg3 Qf5 17.Rhe1 g5 18.Rxe4 Bg7 19.h3 gxh4 20.Rxh4 Qf6 21.Re1 Bf5 {#R} 0-1

[Event "It (open)"]
[Site "masterchessopen.com Teheran (Iran)"]
[Round "5"]
[White "Guliev Sarhan (AZE)"]
[Black "Khachiyan Melikset (USA)"]
[Result "0-1"]
[WhiteElo "2470"]
[BlackElo "2481"]

1.d4 Nf6 2.c4 g6 3.Nc3 d5 4.Nf3 Bg7 5.Bg5 Ne4 6.Bf4 Nxc3 7.bxc3 O-O 8.e3 c5
9.cxd5 Qxd5 10.Be2 cxd4 11.cxd4 Qa5+ 12.Qd2 Nc6 13.Qxa5 Nxa5 14.O-O Be6 15.Be5
Rfc8 16.Bxg7 Kxg7 17.Rfc1 Rxc1+ 18.Rxc1 Bxa2 19.Rc7 Kf8 20.Ng5 h6 21.Ne4 Bd5
22.Nc5 b6 23.Na6 Bb7 24.f3 Rc8 25.Rd7 Ke8 26.Bb5 Bxa6 27.Rc7+ Kf8 {#R} 0-1

[Event "It (open)"]
[Site "masterchessopen.com San Sebastian (Spain)"]
[Round "0"]
[White "Alvarez Ibarra Rafael (ESP)"]
[Black "Komljenovic Davor (CRO)"]
[Result "1-0"]
[WhiteElo "2368"]
[BlackElo "2495"]

1.d4 Nf6 2.Nf3 g6 3.c4 Bg7 4.Nc3 d5 5.Bg5 dxc4 6.e4 O-O 7.Bxc4 Bg4 8.Be2 Nfd7
9.O-O Nb6 10.Be3 e6 11.h3 Bxf3 12.Bxf3 Nc6 13.e5 Qe7 14.Bxc6 bxc6 15.Ne4 Qb4
16.Qe2 Nd5 17.b3 Ne7 18.Rfd1 a5 19.Nc5 h6 20.a3 Qb5 21.a4 Qb4 22.Bd2 Qxd4
23.Bg5 Qxa1 24.Rxa1 hxg5 25.Nd7 Rfd8 26.Nf6+ Bxf6 27.exf6 Nd5 {#r} 1-0

[Event "It (open)"]
[Site "masterchessopen.com Barbera (Spain)"]
[Round "7"]
[White "Garcia Ilundain David (ESP)"]
[Black "Glimbrant Torbjorn (SWE)"]
[Result "1-0"]
[WhiteElo "2480"]
[BlackElo "2250"]

1.d4 Nf6 2.Nf3 g6 3.c4 Bg7 4.Nc3 d5 5.Bg5 dxc4 6.e3 c5 7.Bxc4 cxd4 8.exd4 O-O
9.O-O Bg4 10.h3 Bxf3 11.Qxf3 Nc6 12.Rad1 Qb6 13.Qe2 Rac8 14.Be3 Na5 15.Bd3 Qd6
16.Nb5 Qb8 17.Qf3 a6 18.Bf4 Qa8 19.Nc3 Rfd8 20.Rfe1 Nc6 21.d5 Nb4 22.Be4 Nxe4
23.Qxe4 Bxc3 24.bxc3 Nxa2 25.Qxe7 Qa7 26.Qf6 Qc5 27.Be5 {#r} 1-0

[Event "Ch Yugoslavia (w)"]
[Site "masterchessopen.com Belgrade (Yugoslavia)"]
[Round "7"]
[White "Stoisavljevic Sava (YUG)"]
[Black "Veliova Irijeta (SRB)"]
[Result "1-0"]
[WhiteElo "2125"]
[BlackElo "2094"]

1.d4 Nf6 2.c4 g6 3.Nc3 d5 4.Nf3 Bg7 5.Bg5 Ne4 6.cxd5 Nxc3 7.bxc3 Qxd5 8.e3 Bg4
9.Bh4 Qa5 10.Qb3 Nd7 11.Nd2 c5 12.Bc4 cxd4 13.Bxf7+ Kf8 14.cxd4 e6 15.h3 Bf5
16.Qxb7 Kxf7 17.Qxd7+ Kg8 18.g4 g5 19.gxf5 Qxf5 20.Bg3 h5 21.Rb1 h4 22.Rb5 Qg6
23.Be5 Rh7 24.Rb7 Bxe5 25.Qxh7+ Qxh7 26.Rxh7 Kxh7 27.dxe5 Rc8 28.Ne4 Kg6 {#r}
1-0

[Event "It (open)"]
[Site "masterchessopen.com Cappelle la Grande (France)"]
[Round "5"]
[White "Gretarsson Helgi Ass (ISL)"]
[Black "Gaborit Jean-Pierre (FRA)"]
[Result "1-0"]
[WhiteElo "2462"]
[BlackElo "2222"]

1.d4 Nf6 2.c4 g6 3.Nc3 d5 4.Nf3 Bg7 5.Bg5 Ne4 6.cxd5 Nxg5 7.Nxg5 e6 8.Qd2 exd5
9.Qe3+ Kf8 10.Qf4 Bf6 11.h4 Kg7 12.e4 dxe4 13.Bc4 Qxd4 14.Qxc7 Bd7 15.Rd1 Rc8
16.Rxd4 Rxc7 17.Nd5 Rc6 18.Nxf6 Rxf6 19.O-O Bf5 20.Rd8 Rc6 21.Bxf7 h6 22.Bd5
Rc8 23.Rxc8 Bxc8 24.Ne6+ Bxe6 {#r} 1-0

[Event "It (open)"]
[Site "masterchessopen.com Dresden (Germany)"]
[Round "0"]
[White "Theuermeister Peter (GER)"]
[Black "Eichner Sebastian (GER)"]
[Result "0-1"]
[WhiteElo "1844"]
[BlackElo "2321"]

1.d4 Nf6 2.c4 g6 3.Nf3 d5 4.Nc3 Bg7 5.Bg5 e6 6.Qc2 O-O 7.e4 dxe4 8.Nxe4 Nbd7
9.Be2 h6 10.Bh4 b6 11.c5 bxc5 12.dxc5 g5 13.Bg3 Nxe4 14.Qxe4 Rb8 15.Rd1 Nxc5
16.Qc6 Qe7 17.Qxc7 Qxc7 18.Bxc7 Rxb2 19.Rc1 Ne4 20.Bd3 Nxf2 21.O-O Nxd3
22.Rcd1 Ba6 23.Bd6 Rc8 24.h4 Rcc2 {#R} 0-1

[Event "Bundesliga (w)"]
[Site "masterchessopen.com Germany"]
[Round "0"]
[White "Fischdick Gisela (GER)"]
[Black "Schulz Petra (GER)"]
[Result "1-0"]
[WhiteElo "2236"]
[BlackElo "2074"]

1.d4 Nf6 2.c4 g6 3.Nc3 d5 4.Nf3 Bg7 5.Bg5 Ne4 6.cxd5 Nxg5 7.Nxg5 e6 8.Qd2 h6
9.Nf3 exd5 10.e3 Bf5 11.Bd3 Bxd3 12.Qxd3 c6 13.O-O O-O 14.b4 Qd6 15.Rab1 Nd7
16.b5 Nb6 17.bxc6 bxc6 18.Qa6 f5 19.Rfc1 Rf7 20.Rxb6 axb6 21.Qxa8+ Rf8 22.Qa4
g5 23.Ne2 {#r} 1-0

[Event "It (open)"]
[Site "masterchessopen.com Goch (Germany)"]
[Round "6"]
[White "Barsov Alexei (UZB)"]
[Black "De Ruijter Luc"]
[Result "1-0"]
[WhiteElo "2526"]
[BlackElo "2200"]

1.d4 Nf6 2.c4 g6 3.Nc3 d5 4.Nf3 Bg7 5.Bg5 c6 6.e3 O-O 7.Rc1 e6 8.Bd3 dxc4
9.Bxc4 Nbd7 10.O-O b5 11.Bd3 Qb6 12.Ne4 Nxe4 13.Bxe4 Bb7 14.Be7 Rfe8 15.Bd6
Bf8 16.Ne5 Nxe5 17.Bxe5 Rac8 18.a3 a5 19.h4 Be7 20.h5 c5 21.dxc5 Rxc5 22.Qd7
Qd8 23.Qxd8 Rxd8 24.Rxc5 {#r} 1-0

[Event "Ch Hungary (team) 1992/93"]
[Site "masterchessopen.com Hungary"]
[Round "0"]
[White "Schroter Tamas (HUN)"]
[Black "Palko Attila (HUN)"]
[Result "1-0"]
[WhiteElo "2219"]
[BlackElo "2175"]

1.d4 Nf6 2.c4 g6 3.Nc3 d5 4.Nf3 Bg7 5.Bg5 Ne4 6.Bh4 Nxc3 7.bxc3 O-O 8.cxd5
Qxd5 9.Bxe7 Re8 10.Bh4 c5 11.e3 cxd4 12.cxd4 Bg4 13.Be2 Bxf3 14.Bxf3 Qxd4
15.Qxd4 Bxd4 16.O-O-O Be5 17.Bxb7 Nc6 18.Bxa8 Rxa8 19.f4 Bg7 20.Rd6 Rc8 21.Kd2
Bf8 22.Rd7 Nb4 23.Rc1 Rxc1 24.Kxc1 Nxa2+ 25.Kb2 Nb4 26.Bf6 h6 27.Rd8 Nc6
28.Rc8 {#r} 1-0

[Event "It (open)"]
[Site "masterchessopen.com Komotini (Greece)"]
[Round "2"]
[White "Rajkovic Dusan (SRB)"]
[Black "Zygouris Hristos (GRE)"]
[Result "1-0"]
[WhiteElo "2415"]
[BlackElo "2194"]

1.d4 Nf6 2.c4 g6 3.Nc3 d5 4.Nf3 Bg7 5.Bg5 dxc4 6.e3 c5 7.Bxc4 O-O 8.h3 cxd4
9.exd4 Nbd7 10.O-O Nb6 11.Bb3 e6 12.Qd2 Nbd5 13.Rfe1 Qb6 14.Ne5 a6 15.Rac1 Qd6
16.Nc4 Qb4 17.Nxd5 Nxd5 18.Qxb4 Nxb4 19.Nb6 Rb8 20.Be7 Nd3 21.Bxf8 Bxf8 22.Kf1
{#r} 1-0

[Event "Ch SVM"]
[Site "masterchessopen.com Mittelrhein (Germany)"]
[Round "0"]
[White "Ipek Yilmaz Eser"]
[Black "Gikas Basilius (GER)"]
[Result "0-1"]
[WhiteElo "2010"]
[BlackElo "2192"]

1.d4 Nf6 2.c4 g6 3.Nc3 d5 4.Nf3 Bg7 5.Bg5 Ne4 6.Bh4 Nxc3 7.bxc3 dxc4 8.e3 b5
9.a4 c6 10.Qb1 Qd7 11.Be2 Bb7 12.O-O a6 13.Qe4 c5 14.Qf4 O-O 15.Rab1 cxd4
16.cxd4 f6 17.Bg3 Bd5 18.e4 Bf7 19.Rfc1 Nc6 20.d5 Na5 21.axb5 axb5 22.Nd4 f5
23.e5 Bxd5 24.Rxb5 e6 25.Rb6 {#R} 0-1

[Event "Ch SVM"]
[Site "masterchessopen.com Mittelrhein (Germany)"]
[Round "0"]
[White "Kueper Elmar"]
[Black "Rohs Alfred"]
[Result "0-1"]
[WhiteElo "1980"]
[BlackElo "1890"]

1.c4 Nf6 2.Nc3 g6 3.d4 d5 4.Nf3 Bg7 5.Bg5 Ne4 6.cxd5 Nxg5 7.Nxg5 e6 8.Qd2 h6
9.Nh3 exd5 10.Nf4 c6 11.e3 Nd7 12.Bd3 Nf6 13.b4 Bd7 14.Nfe2 b6 15.Rc1 Qe7
16.b5 Rc8 17.bxc6 Bxc6 18.Bb5 O-O 19.Bxc6 Rxc6 20.O-O Rfc8 21.Nf4 Qa3 22.Nfe2
Bf8 23.Nb1 Qa6 24.Rxc6 Rxc6 25.Rc1 Ne4 26.Qb2 Qxe2 {#R} 0-1

[Event "It (c)"]
[Site "masterchessopen.com Ptuj (Slovenia)"]
[Round "0"]
[White "Pinter Andrej (SLO)"]
[Black "Solmajer Luka (SLO)"]
[Result "1-0"]
[WhiteElo "2064"]
[BlackElo "2064"]

1.d4 Nf6 2.c4 g6 3.Nc3 d5 4.Nf3 Bg7 5.Bg5 c6 6.e3 O-O 7.Bd3 Bg4 8.h3 Bxf3
9.Qxf3 dxc4 10.Bxc4 Nbd7 11.e4 Qb6 12.Rd1 e5 13.d5 cxd5 14.Bxd5 Qxb2 15.Rb1
Qa3 16.Bxb7 Rab8 17.O-O h6 18.Rb3 Qa5 19.Be3 Rxb7 20.Rxb7 Qxc3 21.Rc1 Qd3
22.Rd1 Qa3 23.Rbxd7 Nxd7 24.Rxd7 a5 25.Qe2 Qa4 26.Qd2 Rb8 27.Qd5 Kh7 28.Rxf7
{#r} 1-0

[Event "Ch Romania (team)"]
[Site "masterchessopen.com Romania"]
[Round "0"]
[White "Negulescu Raluca (ROM)"]
[Black "Andreescu Nicoleta Aurora (ROM)"]
[Result "1-0"]
[WhiteElo "2060"]
[BlackElo "2113"]

1.d4 Nf6 2.c4 g6 3.Nc3 d5 4.Nf3 Bg7 5.Bg5 Ne4 6.cxd5 Nxg5 7.Nxg5 e6 8.Qd2 exd5
9.Qe3+ Kf8 10.h4 Bf6 11.Qf4 Kg7 12.e4 dxe4 13.O-O-O h6 14.Ngxe4 Nc6 15.Bc4 Rf8
16.g4 g5 17.Qxf6+ Qxf6 18.Nxf6 Kxf6 19.Ne4+ Kg6 20.hxg5 hxg5 21.Rh5 f6 22.f3
Rd8 23.Rdh1 Rxd4 24.Rh6+ Kg7 25.Rh7+ Kf8 26.Rf7+ {#r} 1-0

[Event "Ch Romania (team)"]
[Site "masterchessopen.com Romania"]
[Round "0"]
[White "Popescu Fabian (ROM)"]
[Black "Szuhanek Ranko (ROM)"]
[Result "1-0"]
[WhiteElo "2225"]
[BlackElo "2519"]

1.d4 Nf6 2.c4 g6 3.Nc3 d5 4.Nf3 Bg7 5.Bg5 Ne4 6.cxd5 Nxg5 7.Nxg5 e6 8.Qd2 exd5
9.Qe3+ Kf8 10.h4 Bf6 11.Qf4 Kg7 12.e4 dxe4 13.O-O-O h6 14.Ngxe4 c6 15.Bc4 Rf8
16.g4 Be7 17.g5 h5 18.d5 cxd5 19.Nxd5 Nd7 20.Nc7 Rb8 21.Kb1 a6 22.Bxf7 Rxf7
23.Ne6+ Kg8 24.Qxf7+ Kxf7 25.Nxd8+ Bxd8 26.Nd6+ Ke6 27.Rhe1+ {#r} 1-0

[Event "It (open)"]
[Site "masterchessopen.com Sala (Slovakia)"]
[Round "0"]
[White "Lancz Ondrej (SVK)"]
[Black "Zagorskis Darius (LTU)"]
[Result "0-1"]
[WhiteElo "2099"]
[BlackElo "2497"]

1.d4 Nf6 2.c4 g6 3.Nc3 d5 4.Nf3 Bg7 5.Bg5 Ne4 6.cxd5 Nxc3 7.bxc3 Qxd5 8.e3 c5
9.Be2 cxd4 10.cxd4 Nc6 11.O-O O-O 12.Bf4 b6 13.Nd2 Bb7 14.Bf3 Qd7 15.Rc1 Rfd8
16.Nc4 b5 17.Na3 a6 18.Rc5 Rac8 19.Qc1 Bf8 20.Rd1 e6 21.Rc2 Nb4 22.Bxb7 Qxb7
{#R} 0-1

[Event "It (open)"]
[Site "masterchessopen.com Untergrombach (Germany)"]
[Round "3"]
[White "Barsov Alexei (UZB)"]
[Black "Reichstein Hans-Joerg (GER)"]
[Result "1-0"]
[WhiteElo "2526"]
[BlackElo "2077"]

1.d4 Nf6 2.c4 g6 3.Nc3 d5 4.Nf3 Bg7 5.Bg5 Ne4 6.cxd5 Nxc3 7.bxc3 Qxd5 8.Qb3
Be6 9.Qxd5 Bxd5 10.Nd2 f5 11.f3 e5 12.e4 Bf7 13.d5 O-O 14.Rb1 c6 15.Nc4 h6
16.Be7 Re8 17.Rxb7 cxd5 18.Nd6 Nc6 19.Nxe8 Rxe8 20.Bb5 Rxe7 21.Bxc6 Rxb7
22.Bxb7 dxe4 23.fxe4 Bxa2 24.Kd2 {#r} 1-0

[Event "It (open)"]
[Site "masterchessopen.com Zaragoza (Spain)"]
[Round "0"]
[White "Damljanovic Branko (SRB)"]
[Black "Gavin Roche Enrique (ESP)"]
[Result "1-0"]
[WhiteElo "2570"]
[BlackElo "2253"]

1.d4 Nf6 2.c4 g6 3.Nc3 d5 4.Nf3 Bg7 5.Bg5 Ne4 6.Bh4 Nxc3 7.bxc3 c5 8.e3 Nc6
9.Rc1 cxd4 10.cxd4 O-O 11.cxd5 Qxd5 12.Bc4 Qa5+ 13.Nd2 e5 14.d5 b5 15.Bb3 Nb4
16.O-O Nxa2 17.Rc5 Qb4 18.Be7 Re8 19.Rxc8 Qxe7 20.Rxa8 Rxa8 21.Bxa2 {#r} 1-0

[Event "It (open)"]
[Site "masterchessopen.com Zaragoza (Spain)"]
[Round "0"]
[White "Etchegaray Patrice (FRA)"]
[Black "Ramiro Ovejero Juan Luis (ESP)"]
[Result "1-0"]
[WhiteElo "2410"]
[BlackElo "2303"]

1.d4 Nf6 2.c4 g6 3.Nc3 d5 4.Nf3 Bg7 5.Bg5 Ne4 6.cxd5 Nxg5 7.Nxg5 e6 8.Qd2 exd5
9.Qe3+ Kf8 10.Qf4 Bf6 11.h4 h6 12.Nf3 c6 13.e3 Na6 14.Bd3 Nc7 15.g4 Ne6 16.Qg3
Kg7 17.O-O-O b5 18.Rdg1 b4 19.Ne2 Qa5 20.g5 Be7 21.Qe5+ {#r} 1-0

[Event "Ch Europe (juniors) (under 12)"]
[Site "masterchessopen.com Baile Herculane (Romania)"]
[Round "0"]
[White "Sebenik Matej (SLO)"]
[Black "Debbage Leigh (ENG)"]
[Result "1-0"]
[WhiteElo "2529"]
[BlackElo "2059"]

1.d4 Nf6 2.c4 g6 3.Nc3 d5 4.Nf3 Bg7 5.Bg5 dxc4 6.e3 Nd5 7.Bxc4 Nxc3 8.bxc3 c5
9.Qb3 O-O 10.Ne5 Bxe5 11.dxe5 Kg7 12.Rd1 Qc7 13.h4 Nc6 14.h5 Na5 15.Qa4 Nxc4
16.hxg6 Kxg6 17.Qxc4 Qxe5 18.Qh4 Kf5 19.Qh3+ Kxg5 20.f4+ {#r} 1-0

[Event "It (c)"]
[Site "masterchessopen.com Budapest (Hungary)"]
[Round "4"]
[White "Schneider Attila (HUN)"]
[Black "Schmidt Bodo (GER)"]
[Result "1-0"]
[WhiteElo "2380"]
[BlackElo "2365"]

1.d4 Nf6 2.c4 g6 3.Nc3 d5 4.Nf3 Bg7 5.Bg5 Ne4 6.Bh4 Nxc3 7.bxc3 c5 8.cxd5 Qxd5
9.e3 cxd4 10.cxd4 Qa5+ 11.Qd2 Nc6 12.Rb1 b6 13.Bb5 Bd7 14.O-O Qxd2 15.Nxd2 Na5
16.Ba6 Bc8 17.Be2 Bb7 18.Rfc1 Kd7 19.Bb5+ Bc6 {#r} 1-0

[Event "It (open)"]
[Site "masterchessopen.com Buenos Aires (Argentina)"]
[Round "2"]
[White "Sorin Ariel (ARG)"]
[Black "Rivero Jose Luis (ARG)"]
[Result "1-0"]
[WhiteElo "2485"]
[BlackElo "2147"]

1.d4 Nf6 2.c4 g6 3.Nc3 d5 4.Nf3 Bg7 5.Bg5 Ne4 6.Bh4 c5 7.cxd5 Nxc3 8.bxc3 Qxd5
9.e3 Nc6 10.Be2 cxd4 11.cxd4 Qa5+ 12.Qd2 Be6 13.Rb1 b6 14.Bb5 Bd7 15.O-O Qxd2
16.Nxd2 Na5 17.Ba6 Bc6 18.Rfc1 Kd7 19.Nb3 Be4 20.Bb5+ Ke6 21.Nxa5 bxa5 22.Bc4+
Kd6 23.Rb5 Rhc8 24.Rxa5 e6 25.Ra6+ Rc6 26.Bg3+ Ke7 27.Rxc6 Bxc6 28.Bxe6 {#r}
1-0

[Event "Ch URS (team) (corr.)"]
[Site "masterchessopen.com corr."]
[Round "0"]
[White "Shushpanov Vladimir (RUS)"]
[Black "Nadanian Ashot (ARM)"]
[Result "1-0"]
[WhiteElo "2370"]
[BlackElo "2436"]

1.d4 Nf6 2.c4 g6 3.Nc3 d5 4.Nf3 Bg7 5.Bg5 Ne4 6.cxd5 Nxg5 7.Nxg5 e6 8.Nf3 exd5
9.e3 O-O 10.b4 c6 11.Be2 Be6 12.Qd2 Nd7 13.b5 cxb5 14.Bxb5 a6 15.Bxd7 Qxd7
16.a4 b5 17.axb5 axb5 18.O-O b4 19.Ne2 Qb5 20.Rab1 Rfb8 21.Rb3 Ra3 22.Rfb1
{#r} 1-0

[Event "It (open)"]
[Site "masterchessopen.com Isla Guitart"]
[Round "0"]
[White "Ibanez Dagoberto (CUB)"]
[Black "Paredes Galan Emilio (ESP)"]
[Result "1-0"]
[WhiteElo "2197"]
[BlackElo "2181"]

1.d4 Nf6 2.Nf3 g6 3.c4 Bg7 4.Nc3 d5 5.Bg5 c6 6.e3 O-O 7.Bd3 dxc4 8.Bxc4 Bf5
9.Nd2 b5 10.Be2 Nbd7 11.e4 b4 12.exf5 bxc3 13.bxc3 c5 14.fxg6 hxg6 15.Bf3 Rc8
16.O-O cxd4 17.cxd4 Nb6 18.Nb3 Qd6 19.Qe2 e6 20.Qa6 Qb8 21.Bh4 Nbd5 22.Bg3 Nf4
23.Rac1 N6d5 24.Bxd5 Ne2+ 25.Qxe2 {#r} 1-0

[Event "It (open)"]
[Site "masterchessopen.com Kassel (Germany)"]
[Round "4"]
[White "Pollmann Sascha (GER)"]
[Black "Mittendorf Frank (GER)"]
[Result "0-1"]
[WhiteElo "2030"]
[BlackElo "2126"]

1.d4 Nf6 2.c4 g6 3.Nc3 d5 4.Nf3 Bg7 5.Bg5 Ne4 6.cxd5 Nxg5 7.Nxg5 c6 8.dxc6
Nxc6 9.d5 Ne5 10.Qa4+ Bd7 11.Qb3 O-O 12.e3 Qa5 13.Be2 b5 14.a3 Nc4 15.Rd1 Nxb2
16.Rc1 Na4 17.Ne4 Rac8 18.Kd2 f5 19.d6+ e6 20.Bxb5 fxe4 21.Bxd7 Rxc3 22.Qxa4
Rxf2+ 23.Ke1 Rxe3+ 24.Kxf2 Qd2+ {#R} 0-1

[Event "Ch Army"]
[Site "masterchessopen.com Montabaur (Germany)"]
[Round "10"]
[White "Gassmann Volker Dr (GER)"]
[Black "Hamann Carsten (GER)"]
[Result "1-0"]
[WhiteElo "2222"]
[BlackElo "2189"]

1.d4 Nf6 2.c4 g6 3.Nc3 d5 4.Nf3 Bg7 5.Bg5 dxc4 6.e3 Be6 7.Ne5 c5 8.Qa4+ Nbd7
9.Bxc4 Bxc4 10.Qxc4 O-O 11.Bxf6 Bxf6 12.Nxd7 Qxd7 13.Qxc5 Rfc8 14.Qa3 e5 15.d5
Rc4 16.Rd1 e4 17.O-O Rac8 18.g3 b5 19.Qa6 Bxc3 20.bxc3 Rxc3 21.Qf6 b4 22.d6
Re8 23.Qd4 a5 24.Rd2 Rd8 25.Qxe4 {#r} 1-0

[Event "Ch Netherlands (team)"]
[Site "masterchessopen.com Netherlands"]
[Round "5"]
[White "Eleveld Henk (NED)"]
[Black "Hensbergen Willem (NED)"]
[Result "1-0"]
[WhiteElo "2065"]
[BlackElo "2104"]

1.d4 Nf6 2.Nf3 g6 3.c4 Bg7 4.Nc3 d5 5.Bg5 dxc4 6.e3 Be6 7.Ne5 c5 8.Qa4+ Nfd7
9.Bxc4 Bxc4 10.Nxc4 cxd4 11.Nd6+ Kf8 12.Qb3 Ne5 13.Nxb7 Qc8 14.Bxe7+ Kxe7
15.Qa3+ Kd7 16.Qd6+ Ke8 17.Nd5 Nd3+ 18.Kd2 Qxb7 19.Nc7+ Qxc7 20.Qxc7 Nxf2
21.Qb7 {#r} 1-0

[Event "Slovak League (2nd) 1994/95"]
[Site "masterchessopen.com Slovakia"]
[Round "1"]
[White "Zamecnik Frantisek (SVK)"]
[Black "Pereszlenyi Gejza (SVK)"]
[Result "1-0"]
[WhiteElo "2088"]
[BlackElo "2044"]

1.d4 Nf6 2.Nf3 g6 3.c4 Bg7 4.Nc3 d5 5.Bg5 Ne4 6.cxd5 Nxc3 7.bxc3 Qxd5 8.e3 c5
9.Bb5+ Bd7 10.c4 Qe6 11.O-O Bxb5 12.cxb5 O-O 13.Rc1 cxd4 14.Nxd4 Qd6 15.Nf3
Qb6 16.Qb3 e6 17.Be7 Re8 18.Bc5 Qa5 19.Rfd1 a6 20.a4 axb5 21.axb5 Rd8 22.Be7
Rxd1+ 23.Rxd1 Qa1 24.Ne1 Nd7 25.Rxa1 Rxa1 26.Kf1 {#r} 1-0

[Event "Ch Bulgaria"]
[Site "masterchessopen.com Sofia (Bulgaria)"]
[Round "10"]
[White "Dobrev Nanko (BUL)"]
[Black "Chatalbashev Boris (BUL)"]
[Result "0-1"]
[WhiteElo "2345"]
[BlackElo "2425"]

1.d4 Nf6 2.Nf3 g6 3.c4 Bg7 4.Nc3 d5 5.Bg5 dxc4 6.e4 c5 7.d5 b5 8.d6 Qxd6 9.e5
Qxd1+ 10.Rxd1 Nfd7 11.Nxb5 Na6 12.Bxc4 h6 13.e6 fxe6 14.Bh4 Nb6 15.Bd3 Kf7
16.Be4 Nd5 17.O-O Bxb2 18.Rfe1 g5 19.Bg3 Rd8 20.Bc7 Naxc7 21.Nxc7 Rb8 22.Nxd5
exd5 23.Bxd5+ Kf6 24.Bb3 Bf5 25.h3 e5 26.Nd2 Rd4 27.f3 Bc3 {#R} 0-1

[Event "Cup Rilton"]
[Site "masterchessopen.com Stockholm (Sweden)"]
[Round "0"]
[White "Hansen Lars Bo (DEN)"]
[Black "Dzevlan Miralem (BIH)"]
[Result "1-0"]
[WhiteElo "2580"]
[BlackElo "2369"]

1.d4 Nf6 2.Nf3 g6 3.c4 Bg7 4.Nc3 d5 5.Bg5 Ne4 6.Bh4 Nxc3 7.bxc3 dxc4 8.e3 b5
9.a4 c6 10.Qc1 a6 11.Be2 Nd7 12.Nd2 Bb7 13.Bf3 O-O 14.O-O Bf6 15.Bg3 Qc8
16.Qb2 Ra7 17.Rfb1 Ba8 18.Qa3 e5 19.Ne4 exd4 20.exd4 Qd8 21.Nxf6+ Nxf6 22.Bh4
Kg7 23.Re1 Re8 24.h3 Rd7 25.Rxe8 Qxe8 26.Bxf6+ Kxf6 27.axb5 {#r} 1-0